| 000 | 00454nam a2200181Ia 4500 | ||
|---|---|---|---|
| 008 | 180424s9999 xx 000 0 und d | ||
| 020 | _a835913139 | ||
| 084 | _a621.38 S3 | ||
| 100 | _a"Sinnema, William" | ||
| 245 | 0 | _a"Digital, Analog and Data Communication" | |
| 250 | _a\\198602ENGGPSX | ||
| 260 | _aReston Publications | ||
| 260 | _b1986 | ||
| 260 | _cReston | ||
| 300 | _axi+524p | ||
| 500 | _aincludes index and biblioraphy | ||
| 942 | _cBK | ||
| 999 |
_c51417 _d51417 |
||